Principles Of Electrical Engineering And Electronics (Record no. 298750)

MARC details
000 -LEADER
fixed length control field 00421nam a2200157Ia 4500
008 - FIXED-LENGTH DATA ELEMENTS--GENERAL INFORMATION
fixed length control field 230718s9999 xx 000 0 und d
041 ## - LANGUAGE CODE
Language code of text/sound track or separate title eng
082 ## - DEWEY DECIMAL CLASSIFICATION NUMBER
Classification number 621.37
Item number MEH
100 ## - MAIN ENTRY--PERSONAL NAME
Personal name Mehta V.K.
245 ## - TITLE STATEMENT
Title Principles Of Electrical Engineering And Electronics
260 ## - PUBLICATION, DISTRIBUTION, ETC. (IMPRINT)
Date of publication, distribution, etc. 1998
Name of publisher, distributor, etc. S.Chand And Company Ltd.
300 ## - PHYSICAL DESCRIPTION
Extent 722
365 ## - TRADE PRICE
Currency code Rs.
Price amount 170.00
700 ## - ADDED ENTRY--PERSONAL NAME
Personal name Mehta V.K.
906 ## - LOCAL DATA ELEMENT F, LDF (RLIN)
d B:45316-Mar-1999
c ETC
b 25.5
Holdings
Withdrawn status Lost status Damaged status Not for loan Home library Current library Date acquired Vendor Budget Code Cost, normal purchase price Bill number Total Checkouts Full call number Barcode Date last seen Date last checked out Discount Cost, replacement price Bill Date Koha item type Original Barcode
        Cummins College of Engineering for Women Pune Cummins College of Engineering for Women Pune 17/03/1999 Mbs ETC 144.50 453 1 621.37 CCEP-BK-9956 27/05/2024 06/05/2024 25.5 170.00 16/03/1999 Books 009956